书目信息 |
| 题名: |
易经
|
|
| 作者: | 梁海明 译注 | |
| 分册: | ||
| 出版信息: | 太原 山西古籍出版社 1999.09 |
|
| 页数: | ||
| 开本: | ||
| 丛书名: | 中华传世名著精华丛书 | |
| 单 册: | ||
| 中图分类: | B223.5 , Z21 | |
| 科图分类: | ||
| 主题词: | 百科全书 | |
| 电子资源: | ||
| ISBN: | 7-80598-315-1 | |
| 000 | 00606nam0 2200205 450 | |
| 001 | 2636611427 | |
| 005 | 20260414101410.40 | |
| 010 | @a7-80598-315-1@dCNY6.80 | |
| 100 | @a20061020d1999 km y0chiy0120 ea | |
| 101 | 0 | @achi |
| 200 | 1 | @a易经@AYi Jing@f梁海明译注@FLiang Hai Ming Yi Zhu |
| 210 | @a太原@c山西古籍出版社@d1999.09 | |
| 225 | 2 | @a中华传世名著精华丛书@f李捷主编 |
| 410 | 0 | @12001 @a中华传世名著精华丛书@1701 0@a李捷@Ali jie@4主编 |
| 606 | 0 | @a百科全书 |
| 690 | @aB223.5@v3 | |
| 690 | @aZ21@v4 | |
| 701 | 0 | @a梁海明@ALiang Hai Ming@4译注 |
| 801 | 0 | @aCN@bPFT@c20061020 |
| 905 | @a10447@dZ21@e1995 | |
| 易经/梁海明译注.-太原:山西古籍出版社,1999.09 |
| (中华传世名著精华丛书/李捷主编) |
| ISBN 7-80598-315-1:CNY6.80 |
| ● |
| 相关链接 |
|
|
|
|
正题名:易经
索取号:Z21/1995
 
预约/预借
| 序号 | 登录号 | 条形码 | 馆藏地/架位号 | 状态 | 备注 |
| 1 | 1442625 | 214426254 | 第二样本阅览室/ [索取号:Z21/1995] | 在馆 |